| 000 | 00884nam a2200229Ia 4500 | ||
|---|---|---|---|
| 001 | 9824 | ||
| 003 | GE_BSU | ||
| 008 | 181216s||||||||xx |||||||||||||| ||und|| | ||
| 020 | _a9992885629 | ||
| 040 | _cGE_BSU | ||
| 080 | _a821.353.1–1+821.353.1-31+821.353.1-92 | ||
| 100 | _aგელაძე,ლევან | ||
| 245 | _aერთტომეული. პოეზია,რომანი,პუბლიცისტიკა,მოგონებები,წერილები | ||
| 245 | _cრედ.ლალი კონცელიძე.მხატვ.გურამ გუჯაბიძე | ||
| 260 | _aბათუმი | ||
| 260 | _bაჭარა | ||
| 260 | _c2003 | ||
| 300 | _a672გვ.ფოტოები.20სმ. | ||
| 541 | _h20ლ. | ||
| 653 | _aპოეზია,რომანი,პუბლიცისტიკა, | ||
| 942 | _cBK | ||
| 999 |
_c43103 _d43103 |
||